Minecraft Items - I (26.1) - Statistics

General Stats
  • This quiz has been taken 7 times
  • The average score is 14 of 21
Answer Stats
Items % Correct
Iron Axe
86%
Iron Boots
86%
Iron Chestplate
86%
Iron Helmet
86%
Iron Hoe
86%
Iron Ingot
86%
Iron Leggings
86%
Iron Nugget
86%
Iron Ore
86%
Iron Pickaxe
86%
Iron Shovel
86%
Iron Sword
86%
Iron Door
71%
Iron Trapdoor
71%
Ice
57%
Iron Bars
57%
Iron Horse Armor
43%
Iron Spear
43%
Ink Sac
29%
Item Frame
29%
Iron Nautilus Armor
14%
No matching quizzes found
Score Distribution
Percent of People with Each Score
Percentile by Number Answered
Your Score History
You have not taken this quiz